Statistiche per Più grandi città d'Italia - Difficile

Clicka qui per fare il quiz!

Statistiche generali

  • Questo quiz è stato fatto 4.439 volte
  • Il punteggio medio è 32 su 46

Statistiche sulle risposte

PopolazioneCittà% Corretto
2.874.529Roma
100%
1.353.467Milano
100%
969.490Napoli
99%
885.651Torino
99%
672.398Palermo
97%
382.346Firenze
96%
261.496Venezia
95%
323.503Bari
94%
388.567Bologna
94%
582.870Genova
93%
154.194Cagliari
87%
311.651Catania
86%
257.815Verona
86%
203.974Trieste
86%
120.358Bergamo
80%
182.323Reggio Calabria
79%
117.452Trento
78%
100.604Ancona
76%
196.205Brescia
76%
194.348Parma
73%
166.830Perugia
73%
209.475Padova
72%
171.315Reggio Emilia
72%
236.231Messina
71%
134.857Salerno
70%
148.880Rimini
68%
184.642Modena
66%
158.606Livorno
66%
107.231Bolzano
65%
120.286Pescara
63%
199.153Taranto
62%
112.040Vicenza
61%
151.563Foggia
58%
126.047Latina
57%
127.386Sassari
55%
132.221Ferrara
54%
102.403Piacenza
53%
159.092Ravenna
53%
123.158Monza
53%
192.461Prato
50%
121.933Siracusa
48%
104.097Novara
44%
111.310Terni
38%
117.889Forlì
37%
100.236Andria
18%
123.862Giugliano in Campania
16%

Distribuzione punteggi

Percentile per numero di risposta

Percentuale di utenti per punteggio

I tuoi punteggi nel tempo

Non hai fatto questo quiz